Sicialism Democracy and Industrilization / (Record no. 12471)
[ view plain ]
| 000 -LEADER | |
|---|---|
| fixed length control field | 00383cam a2200145ua 4500 |
| 041 ## - LANGUAGE CODE | |
| Language code of text/sound track or separate title | eng |
| 082 ## - DEWEY DECIMAL CLASSIFICATION NUMBER | |
| Classification number | 335.5 |
| Item number | AML/SO |
| 100 ## - MAIN ENTRY--AUTHOR NAME | |
| Personal name | Datta, Amalan . |
| 245 00 - TITLE STATEMENT | |
| Title | Sicialism Democracy and Industrilization / |
| 260 ## - PUBLICATION, DISTRIBUTION, ETC. (IMPRINT) | |
| Place of publication | London : |
| Name of publisher | George Allen & Unwin Ltd , |
| Year of publication | 1959. |
| 300 ## - PHYSICAL DESCRIPTION | |
| Number of Pages | 118 ; . |
| 942 ## - ADDED ENTRY ELEMENTS (KOHA) | |
| Koha item type | Books |
| Withdrawn status | Lost status | Damaged status | Home library | Current library | Date acquired | Full call number | Accession Number | Koha item type |
|---|---|---|---|---|---|---|---|---|
| Withdrawn | KAUAET | Malayalam University | 07/04/2012 | 335.5 | 3336 | Books |
